| 000 | 01310nam a22002537a 4500 | ||
|---|---|---|---|
| 005 | 20100618122738.0 | ||
| 008 | 100618t xxu||||| |||| 00| 0 hin d | ||
| 010 | _aHIN-89553 | ||
| 020 |
_a9788126718863 _c450.00 |
||
| 035 | _aHN-61899 | ||
| 037 | _bDBAD / PUB | ||
| 040 |
_aDPL _bHN |
||
| 082 | _a820.8 | ||
| 100 |
_aजोशी, राजेश _922291 |
||
| 245 |
_aसमकालीनता और साहित्यः _cराजेश जोशी _bअपने समय में कविता और गद्य का लेखा-जोखा / |
||
| 246 |
_aSamkaleenata aur sahitya _bby Rajesh Joshi |
||
| 260 |
_aनई दिल्ली _bराजकमल प्रकाशन _c2010 |
||
| 270 |
_a1-बी, नेताजी सुभाष मार्ग _bनई दिल्ली _e110002 |
||
| 300 |
_a308पृ _c22सेमी (सजिल्द) |
||
| 500 | _aएक कवि की दूसरी नोटबुक | ||
| 650 |
_aहिन्दी साहित्य _xसंग्रह _922679 |
||
| 942 |
_2ddc _cHN _mजोशीरा _h820.8 |
||
| 999 |
_c36736 _d36736 |
||